|
|
|
|
| LEADER |
00000nam0a2200000 4500 |
| 001 |
158287 |
| 005 |
20231101222028.0 |
| 010 |
|
|
|a 9785769556067
|b (в пер.)
|b 2000 экз.
|
| 021 |
|
|
|a RU
|b 08-88956
|9 08-5194
|
| 035 |
|
|
|a (RuTPU)RU\TPU\book\171675
|
| 090 |
|
|
|a 158287
|
| 100 |
|
|
|a 20081210d2008 m y0rusy5002 ca
|
| 101 |
0 |
|
|a rus
|
| 102 |
|
|
|a RU
|
| 105 |
|
|
|a y j 001zy
|
| 200 |
1 |
|
|a Воспитательная деятельность педагога
|e учебное пособие для вузов
|f под ред. В. А. Сластенина, И. А. Колесниковой
|
| 205 |
|
|
|a 4-е изд., стер.
|
| 210 |
|
|
|a Москва
|c Академия
|d 2008
|
| 215 |
|
|
|a 334 с.
|d 22 см.
|
| 225 |
1 |
|
|a Профессионализм педагога
|
| 318 |
|
|
|5 63413507
|a Книжная полка куратора
|b выставка
|p Курсы повышения квалификации "Организация деятельности кураторов в инновационном вузе"
|
| 320 |
|
|
|a Библиогр. в конце глав.
|
| 330 |
|
|
|a В пособии представлен современный взгляд на воспитательную деятельность педагога, основанный на совокупном знании и опыте ведущих российских специалистов в области воспитания. Анализируются различные точки зрения на предмет, процесс, проблемы воспитания. Раскрывается специфика гуманитарного понимания воспитательных явлений, логики и содержания профессиональных действий педагога-воспитателя, их практической инструментовки, критериев оценки.Для студентов высших педагогических учебных заведений, а также для специалистов, занимающихся исследованием теоретических и решением практических задач воспитания. Может быть использовано в системе повышения квалификации работников образования.
|
| 606 |
1 |
|
|a Учебно-воспитательная работа в школе
|2 stltpush
|3 (RuTPU)RU\TPU\subj\63491
|9 80515
|
| 610 |
1 |
|
|a школьная педагогика
|
| 610 |
1 |
|
|a воспитание
|
| 610 |
1 |
|
|a возникновение
|
| 610 |
1 |
|
|a развитие
|
| 610 |
1 |
|
|a теория
|
| 610 |
1 |
|
|a практика
|
| 610 |
1 |
|
|a воспитательная деятельность
|
| 610 |
1 |
|
|a структура
|
| 610 |
1 |
|
|a содержание
|
| 610 |
1 |
|
|a результативность
|
| 610 |
1 |
|
|a реализация
|
| 610 |
1 |
|
|a системный контекст
|
| 610 |
1 |
|
|a воспитатели
|
| 610 |
1 |
|
|a учебные пособия
|
| 686 |
|
|
|a Ч42я73
|2 rubbk
|
| 702 |
|
1 |
|a Сластенин
|b В. А.
|g Виталий Александрович
|4 340
|
| 702 |
|
1 |
|a Колесникова
|b И. А.
|g Ирина Аполлоновна
|4 340
|
| 801 |
|
1 |
|a RU
|b 63413507
|c 20090421
|g PSBO
|
| 801 |
|
2 |
|a RU
|b 63413507
|c 20130725
|g PSBO
|
| 900 |
|
|
|a Педагогика
|
| 900 |
|
|
|a Педагогика и психология
|
| 942 |
|
|
|c BK
|
| 951 |
|
|
|b 050000
|
| 959 |
|
|
|a 53/20090422
|d 1
|e 285,00
|f ЧЗГЛ:1
|